| 000 | 01726nam a2200469 c 4500 | ||
|---|---|---|---|
| 001 | 4212 | ||
| 003 | ES-MaCES | ||
| 005 | 20141221121714.0 | ||
| 008 | 961008s1995 sp ||| | spa d | ||
| 017 |
_aBI-265-95 _bDL |
||
| 020 | _a8488949049 | ||
| 035 | _aCES19980042477m | ||
| 040 |
_aES-MaCES _bspa _cES-MaCES |
||
| 100 | 1 |
_aWeber, Peter _926176 |
|
| 245 | 1 | 0 |
_aPérdidas netas _b: pesca, empleo y medio ambiente marino _cPeter Weber ; [traducción del inglés, Mª del Mar Cordivilla ; revisión de la traducción, Roberto Bermejo ; responsable de edición, Josu Ugarte] |
| 250 | _a1ª ed | ||
| 260 |
_aBilbao _bBakeaz _c1995 |
||
| 300 |
_a92 p. _c22 cm |
||
| 490 | 1 | _aCuadernos Worldwatch | |
| 500 | _aTraducción de: Net loss, fish, jobs, and the marine environment | ||
| 541 | _cCompra | ||
| 650 | 4 |
_apesca _927611 |
|
| 650 | 4 |
_adesarrollo de la industria pesquera _927609 |
|
| 650 | 4 |
_aproducción pesquera _929735 |
|
| 650 | 4 |
_atrabajador de la pesca _928434 |
|
| 650 | 4 |
_aempleo _928299 |
|
| 650 | 4 |
_adegradación del medio ambiente _930722 |
|
| 650 | 4 |
_aprotección ambiental _929423 |
|
| 650 | 4 |
_arecursos marinos _928716 |
|
| 650 | 4 |
_azona económica exclusiva _929732 |
|
| 650 | 4 |
_adesarrollo sostenible _930785 |
|
| 650 | 4 |
_acuadros estadísticos _928890 |
|
| 653 | 1 | 0 | _aPesca |
| 700 | 1 |
_aCordivilla, María del Mar _etr. _99969 |
|
| 700 | 1 |
_aBermejo, Roberto _ecol. _97612 |
|
| 700 | 1 |
_aUgarte, Josu _eed. lit. _925302 |
|
| 710 | 1 |
_aCentro de Documentación y Estudios para la Paz (Bilbao) _eed. _91855 |
|
| 830 | 0 |
_aCuadernos Worldwatch (Worldwatch Institute (Washington, D.C.)) _932677 |
|
| 902 | _aLIB Libro | ||
| 942 |
_2CES _cBK _h5.1. |
||
| 999 |
_c4212 _d4212 |
||